Syair bidasari : transliterasi dari manuskrip Melayu lama

Bibliographic Details
Corporate Author: Perpustakaan Negara Malaysia
Format: Book
Published: Kuala Lumpur : Perpustakaan Negara Malaysia , 2006
Subjects:

MARC

LEADER 00000cam a2200000 7i4500
001 0000020920
005 20080714.0
008 080707
020 |a 9679311945 
090 0 0 |a 899.231   |b SYA 
245 1 0 |a Syair bidasari :   |b transliterasi dari manuskrip Melayu lama 
260 |a Kuala Lumpur :   |b Perpustakaan Negara Malaysia ,   |c 2006 
650 0 |a Malay poetry 
650 0 |a Syair 
710 0 |a Perpustakaan Negara Malaysia 
999 |a 0001024146   |b Book   |c Adult Collection   |e Perbadanan Perpustakaan Awam Johor 
999 |a 0001024147   |b Book   |c Johor Collection   |e Perbadanan Perpustakaan Awam Johor 
999 |a 0001024148   |b Book   |c Johor Collection   |e Perbadanan Perpustakaan Awam Johor